Microbiología (Registro nro. 4658)

Detalles MARC
000 -CABECERA
Campo de control 00658nam a2200253 a 4500
005 - FECHA Y HORA DE LA ULTIMA TRANSACCION
Campo de control 20160119075747.0
008 - ELEMENTOS DE LONGITUD FIJA—INFORMACION GENERAL
Campo de control 140317t1977 mx a gr|||| 00| 0 spa d
020 ## - ISBN
ISBN 9
040 ## - FUENTE DE CATALOGACIÓN
Agencia catalogadora original CO-BoIAVH
Agencia transcriptora CO-BoIAVH
041 ## - IDIOMA
Código de idioma para texto/pista de sonido o título separado Español
044 ## - PAÍS DE PUBLICACIÓN
País de publicación México
082 ## - NUMERO DE CLASIFICACION DECIMAL DEWEY
Número de clasificación 576
Número del ítem P38m
100 1# - ASIENTO PRINCIPAL--NOMBRE PERSONAL
Nombre personal Pelczar, Michael J.
245 1# - MENCION DE TITULO
Título Microbiología
250 ## - MENCION DE EDICION
Mención de edición 4 ed.
260 ## - PUBLICACION, DISTRIBUCION, ETC. (PIE DE IMPRENTA)
Lugar de publicación, distribución, etc. México
Nombre del editor, distribuidor, etc. McGraw-Hill Book. Co.
Fecha de publicación, distribución, etc. 1977
300 ## - DESCRIPCION FISICA
Extensión 826 paginas.
Otros detalles físicos ilustraciones.;
Dimensiones 23 x 19 cm.
650 #4 - ASIENTO SECUNDARIO DE MATERIA - TERMINO TEMATICO
Término temático o nombre geográfico como elemento de entrada Bacteria
650 #4 - ASIENTO SECUNDARIO DE MATERIA - TERMINO TEMATICO
Término temático o nombre geográfico como elemento de entrada Microorganismos
700 1# - ASIENTO SECUNDARIO - NOMBRE PERSONAL
Nombre personal Reid, Roger
700 1# - ASIENTO SECUNDARIO - NOMBRE PERSONAL
Nombre personal Chan, E.C.S.
942 ## - ELEMENTOS ADICIONALES (KOHA)
Tipo de ítem Libro
Sistema de clasificación Dewey Decimal Classification
945 ## - PROCESAMIENTO LOCAL
AAAA-MM-DD - Fecha de ingreso o modificacion 2005-07-11
Existencias
Withdrawn status Lost status Sistema de Clasificación Damaged status No para préstamo Colección Inventariado Ubicación Permanente Ubicación actual Fecha de adquisición Fuente de Valor Valor Total Checkouts Número topográfico Inventario / Código de Barras Date last seen Ejemplar Price effective from Forma de adquisición Tipo de material
    Dewey Decimal Classification     General Inventariado 2017 Bogotá Bogotá 11/07/2005 Amazon 60000.00   LB-576 P38m 019278 04/12/2012 Ej. 1 04/12/2012   Libro